Departamentos de Colombia con frontera internacional - Estadísticas

Estadísticas generales
  • Esta prueba ha sido intentada 32 veces
  • La puntuación promedio es 10 de 12
Estadísticas de respuestas
País Departamento % Correcto
Brasil / Perú Amazonas
97%
Venezuela Norte de Santander
93%
Venezuela La Guajira
90%
Venezuela Arauca
86%
Panamá Chocó
86%
Perú / Ecuador Putumayo
86%
Ecuador Nariño
83%
Brasil Vaupés
83%
Venezuela Boyacá
76%
Venezuela / Brasil Guainía
76%
Venezuela Cesar
72%
Venezuela Vichada
72%
No se encontraron pruebas coincidentes
Distribución de puntuación
Porcentaje de gente con cada puntuación
Porcentaje por número respondido
Historial de tus puntuaciones
No has intentado esta prueba.